Poesía del encuentro : (Record no. 118)
[ view plain ]
| 000 -LEADER | |
|---|---|
| campo de control de longitud fija | 01491cam a2200373 a 4500 |
| 001 - NÚMERO DE CONTROL | |
| campo de control | 9251480 |
| 003 - IDENTIFICADOR DE NÚMERO DE CONTROL | |
| campo de control | ZXMCNFGD |
| 005 - FECHA Y HORA DE LA ÚLTIMA TRANSACCIÓN | |
| campo de control | 20220326193251.0 |
| 008 - DATOS DE LONGITUD FIJA--INFORMACIÓN GENERAL | |
| campo de control de longitud fija | 110811s2011 mx b 100 0 spa |
| 010 ## - NÚMERO DE CONTROL DE LA BIBLIOTECA DEL CONGRESO | |
| Número de control de LC | 2011481694 |
| 020 ## - NÚMERO INTERNACIONAL ESTÁNDAR DEL LIBRO | |
| Número Internacional Estándar del Libro | 9789968536257 |
| 020 ## - NÚMERO INTERNACIONAL ESTÁNDAR DEL LIBRO | |
| Número Internacional Estándar del Libro | 9968536253 |
| 035 ## - NÚMERO DE CONTROL DEL SISTEMA | |
| Número de control de sistema | (OCoLC)ocn759992538 |
| 035 ## - NÚMERO DE CONTROL DEL SISTEMA | |
| Número de control de sistema | (OCoLC)759992538 |
| 035 ## - NÚMERO DE CONTROL DEL SISTEMA | |
| Número de control de sistema | (NNC)9251480 |
| 040 ## - FUENTE DE CATALOGACIÓN | |
| Centro catalogador/agencia de origen | DLC |
| Lengua de catalogación | eng |
| Centro/agencia transcriptor | DLC |
| Centro/agencia modificador | IQU |
| 042 ## - CÓDIGO DE AUTENTICACIÓN | |
| Código de autenticación | pcc |
| 050 00 - SIGNATURA TOPOGRÁFICA DE LA BIBLIOTECA DEL CONGRESO | |
| Número de clasificación | PQ7082.P7 |
| Número de ítem | P6624 2011 |
| 082 ## - NÚMERO DE LA CLASIFICACIÓN DECIMAL DEWEY | |
| Número de clasificación | 861.44 |
| Número de ítem | E56m |
| 100 ## - ENTRADA PRINCIPAL--NOMBRE DE PERSONA | |
| Nombre de persona | Corrales Arias, Adriano |
| 9 (RLIN) | 593 |
| 245 00 - MENCIÓN DEL TÍTULO | |
| Título | Poesía del encuentro : |
| Resto del título | memoria del VIII Encuentro Internacional de Escritores Eunice Odio in memoriam, San José, Costa Rica, marzo del 2011 / |
| Mención de responsabilidad, etc. | Adriano Corrales Arias, compilador. |
| 246 30 - FORMA VARIANTE DEL TITULO | |
| Título propio/Titulo breve | Memoria del VIII Encuentro Internacional de Escritores Eunice Odio in memoriam |
| 250 ## - MENCION DE EDICION | |
| Mención de edición | 1. ed. |
| 260 ## - PUBLICACIÓN, DISTRIBUCIÓN, ETC. | |
| Lugar de publicación, distribución, etc. | [San José, Costa Rica] : |
| Nombre del editor, distribuidor, etc. | Arboleda, |
| Fecha de publicación, distribución, etc. | 2011. |
| 300 ## - DESCRIPCIÓN FÍSICA | |
| Extensión | 143 p. ; |
| Dimensiones | 21 cm. |
| 500 ## - NOTA GENERAL | |
| Nota general | Selection of poems presented during the 8th Encuentro Internacional de Escritores Eunice Odio in memoriam, in San José, Costa Rica. |
| 504 ## - NOTA DE BIBLIOGRAFÍA, ETC. | |
| Nota de bibliografía, etc. | Includes bibliographical references. |
| 650 #0 - PUNTO DE ACCESO ADICIONAL DE MATERIA--TÉRMINO DE MATERIA | |
| Término de materia o nombre geográfico como elemento de entrada | Spanish American poetry |
| Subdivisión cronológica | 21st century |
| Subdivisión de forma | Congresses. |
| Subdivisión geográfica | Costa Rica |
| 9 (RLIN) | 594 |
| 690 ## - PUNTO DE ACCESO ADICIONAL DE MATERIA LOCAL--TÉRMINO DE MATERIA (OCLC, RLIN) | |
| Término de materia o nombre geográfico como elemento inicial | Poesia |
| Subdivisión general | Literatura |
| 700 1# - ENTRADA AGREGADA--NOMBRE PERSONAL | |
| Nombre de persona | Corrales Arias, Adriano, |
| Fechas asociadas al nombre | 1958- |
| 9 (RLIN) | 595 |
| 711 2# - ENTRADA AGREGADA--NOMBRE DE REUNIÓN | |
| Nombre de congreso/reunión o jurisdicción como elemento de entrada | Encuentro Internacional de Escritores Eunice Odio in memoriam |
| Número del congreso/reunión o número de parte o sección | (8th : |
| Fecha del congreso o de la firma del tratado | 2011 : |
| Sede del congreso/Lugar de la reunión | San José, Costa Rica) |
| 9 (RLIN) | 596 |
| 948 1# - PROCESAMIENTO DE INFORMACIÓN LOCAL (OCLC); DESIGNADOR DE PARTE DE LA SERIE (RLIN) | |
| Designador de la parte de la serie, SPT (RLIN) | 20120213 |
| b (OCLC) | c |
| c (OCLC) | dc21 |
| d (OCLC) | MPS |
| Estatus retirado | Estado de pérdida | Fuente del sistema de clasificación o colocación | Estado de daño | No para préstamo | Biblioteca de origen | Biblioteca actual | Ubicación en estantería | Fecha de adquisición | Total de préstamos | Signatura topográfica completa | Código de barras | Visto por última vez | Precio de reemplazo | Tipo de ítem Koha |
|---|---|---|---|---|---|---|---|---|---|---|---|---|---|---|
| Clasificación Decimal Dewey | Biblioteca LadoV | Biblioteca LadoV | 12/05/2014 | 861.44 E56m | 000108 | 12/05/2014 | 12/05/2014 | Material 01 |
